000 01139cam a22001934a 4500
005 20250605164241.0
008 250528s ||||||||||||||||||||||||d
035 _a21315
020 _a9780538468282
040 _aGR-AtMCL
_bgre
_dGR-AtMCL
_eAACR2
245 1 _aLeadership
260 _bSouth-Western - Cengage Learning,
_c2008
300 _a509
520 _aIntroduction to Leadership, What Does It Mean to Be a Leader?, Research Perspectives on Leadership, Traits and Behavior and Relationships, Contingency Approaches to Leadership, The Personal Side of Leadership, The Leader as an Individual, Leadership Mind and Heart, Courage and Moral Relationship, Followership, The Leader as a Relationship Builder, Motivation and Empowerment, Leadership Communication, Leading Teams, Developing Leadership Diversity, Leadership Power and Influence, The Leader as Social Architect, Creating Vision and Strategic Direction, Shaping Culture and Values, Leading Change, Leadership Development: Cases for Analysis, References, Name and Subject Index.
700 1 _aDaft Richard L
_91288
942 _cBK
999 _c6380
_d6380